| 000 | 00564pam a2200217 a 4500 | ||
|---|---|---|---|
| 001 | 479550 | ||
| 005 | 20180302071826.0 | ||
| 008 | 840628s1985 maua b 001 0 eng | ||
| 010 | _a 84014548 | ||
| 020 |
_a0205082440 : _c$20.00 (est.) |
||
| 040 |
_aDLC _cDLC _dDLC |
||
| 041 | _aeng | ||
| 080 | _a150.724 | ||
| 082 | 0 | 0 |
_a150.724 CHR _219 |
| 100 | 1 | _a25 | |
| 101 | _aEDU | ||
| 245 | 1 | 0 |
_aExperimental methodology / _cLarry B. Christensen. |
| 504 | _aBibliography: p. 339-351. | ||
| 906 |
_a7 _bcbc _corignew _d1 _eocip _f19 _gy-gencatlg |
||
| 942 |
_2ddc _cBK |
||
| 999 |
_c44041 _d44041 |
||